| 000 | 00573nam a2200205 i 4500 | ||
|---|---|---|---|
| 001 | 76540 | ||
| 003 | ES-MaACL | ||
| 007 | t| | ||
| 008 | 041004s1983 sp ||||1| spa d | ||
| 020 | _a84-359-0337-0 | ||
| 100 | 1 |
_aGuirao, Aurelio. _960882 |
|
| 245 | 1 | 0 |
_aDel verbo vivir / _cAurelio Guirao ; prólogo de Rafael Alfaro. |
| 260 |
_a[Madrid] : _bPlayor, _c[1983] |
||
| 300 |
_a99 p. ; _c19 cm. |
||
| 490 | 1 | _aNuevo poesía | |
| 700 | 1 |
_aAlfaro, Rafael. _919808 |
|
| 830 | 0 |
_aNuevo poesía _9231304 |
|
| 852 |
_aES-MaACL _jL-9340 _bR.108848 |
||
| 999 |
_c76540 _d76540 |
||